00782cam a22002411 450000100060000000300080000600500170001400800410003103500190007203500180009104000450010904100080015408200200016210000460018224500570022825000120028526000690029730000490036649000350041550400300045065000260048065100340050623822BD-RjUL20211209000957.0140311s1966 enkab b 000 0 eng  a(BD-RjUL)23887 a(OCoLC)392315 aDLCcODaWUdOCoLCdUkdDLCdBD-RjULbeng aeng04a911.4bEAH 19671 aEast, W. Gordonq(William Gordon),d1902-13aAn historical geography of Europe /cby Gordon East. a5th ed. aLondon ;bMethuen ;aNew York :bDutton,c1966 [Reprinted 1967]. aiii-xx, 492 p. :b64 maps, tables. ;c22 cm.0 aMethuen's advanced geographies aBibliography: p. 461-483. 0aHistorical geography. 0aEuropexHistorical geography.